Kolektívne vyjednávanie

Regulácia kolektívneho vyjednávania na podnikovej úrovni medzi zamestnávateľom a podnikovou odborovou organizáciou i kolektívne vyjednávanie za účelom uzatvorenia vyššej kolektívnej zmluvy v zákone č. 2/1991 Z.z. Právna úprava súvisiaca s pluralitou odborových organizácií u jedného zamestnávateľa. C...

Descrizione completa

Salvato in:
Dettagli Bibliografici
Autore principale: Jendrálová, Anna
Natura: Capitolo di libro
Lingua:slovacco
Soggetti:
Tags: Aggiungi Tag
Nessun Tag, puoi essere il primo ad aggiungerne!!

MARC

LEADER 00000naa$a2200000$$$4500
001 0068743
005 20231109092042.6
041 0 |a slo 
044 |a SK 
245 1 0 |a Kolektívne vyjednávanie  |c Anna Jendrálová 
520 |a Regulácia kolektívneho vyjednávania na podnikovej úrovni medzi zamestnávateľom a podnikovou odborovou organizáciou i kolektívne vyjednávanie za účelom uzatvorenia vyššej kolektívnej zmluvy v zákone č. 2/1991 Z.z. Právna úprava súvisiaca s pluralitou odborových organizácií u jedného zamestnávateľa. Charakteristika zmluvných strán. Obsah kolektívnej zmluvy. Platnosť, účinnosť a záväznosť kolektívnej zmluvy. Kolektívne spory. Vzor kolektívnej zmluvy. 
610 2 0 |a vyjednávanie kolektívne 
610 2 0 |a odbory 
610 2 0 |a zmluvy kolektívne 
610 2 0 |a organizácia 
610 2 0 |a zamestnávatelia 
610 2 0 |a zamestnanci 
100 1 |a Jendrálová, Anna